[Event "Nakhchivan op"]
[Site "Nakhchivan"]
[Date "2022.05.08"]
[Round "1"]
[White "Lorparizangeneh, Shahin"]
[Black "Mirzayev, Ughur"]
[Result "1-0"]
[WhiteElo "2502"]
[BlackElo "1309"]
[PlyCount "41"]
[EventDate "2022.05.08"]
[EventType "swiss"]
[EventRounds "9"]
[EventCountry "AZE"]
[SourceTitle "EXT 2023"]
[Source "ChessBase"]
[SourceDate "2022.10.05"]
[SourceVersion "1"]
[SourceVersionDate "2022.10.05"]
[SourceQuality "1"]

1. e4 e6 2. d4 d5 3. e5 c5 4. c3 Nc6 5. Nf3 Bd7 6. Bd3 Qb6 7. 0-0 cxd4 8. a3 Nh6 9. b4 a6 10. Re1 Rc8 11. Bb2 dxc3 12. Nxc3 Be7 13. Rc1 0-0 14. Na4 Qa7 15. Nc5 Bxc5 16. Rxc5 b5 17. Qc2 g6 18. Qd2 Nf5 19. Bxf5 exf5 20. Qh6 Be6 21. Ng5 1-0